[Event "Sao Paulo Freitas op 2nd"]
[Site "Sao Paulo"]
[Date "2016.04.15"]
[Round "1"]
[White "Correa, Tainan Rodrigues"]
[Black "Ichimura G Barbosa, Larissa Yuki"]
[Result "0-1"]
[WhiteElo "1836"]
[BlackElo "1959"]
[PlyCount "73"]
[EventDate "2016.04.15"]
[EventType "swiss"]
[EventRounds "6"]
[EventCountry "BRA"]
[SourceTitle "CBM 171 Extra"]
[Source "ChessBase"]
[SourceDate "2016.04.26"]
[SourceVersion "1"]
[SourceVersionDate "2016.04.26"]
[SourceQuality "1"]

1. e4 e6 2. d4 d5 3. Nd2 Nf6 4. e5 Nfd7 5. c3 c5 6. Bd3 Nc6 7. Ne2 cxd4 8. cxd4 f6 9. f4 fxe5 10. fxe5 Nxd4 11. Nxd4 Qh4+ 12. g3 Qxd4 13. Nf3 Bb4+ 14. Kf1 Qg4 15. Kg2 0-0 16. Bxh7+ Kh8 17. Bc2 Bc5 18. Rf1 Qh5 19. Qd3 Rf5 20. Bf4 Be7 21. Qe3 Bc5 22. Qd2 Nb6 23. Bxf5 Qxf5 24. b3 Bd7 25. Rae1 Bb5 26. Rh1 d4 27. Rc1 Ba3 28. Rcd1 Rd8 29. Qa5 Bc6 30. Qxa3 g5 31. Qe7 Rf8 32. Qxg5 Bxf3+ 33. Kxf3 Qxg5 34. Rxd4 Qxe5 35. Re4 Qd5 36. Ke3 Qc5+ 37. Kf3 0-1

[Event "Sao Paulo Freitas op 2nd"]
[Site "Sao Paulo"]
[Date "2016.04.15"]
[Round "2"]
[White "Schwertner, Joao Victor Moreir"]
[Black "Correa, Tainan Rodrigues"]
[Result "1-0"]
[WhiteElo "1773"]
[BlackElo "1836"]
[PlyCount "111"]
[EventDate "2016.04.15"]
[EventType "swiss"]
[EventRounds "6"]
[EventCountry "BRA"]
[SourceTitle "CBM 171 Extra"]
[Source "ChessBase"]
[SourceDate "2016.04.26"]
[SourceVersion "1"]
[SourceVersionDate "2016.04.26"]
[SourceQuality "1"]

1. e4 c5 2. Nf3 e6 3. d4 cxd4 4. Nxd4 Nc6 5. Nc3 Bb4 6. Be2 Nf6 7. Bg5 h6 8. Bxf6 Qxf6 9. Ndb5 0-0 10. a3 Bc5 11. 0-0 Rd8 12. Na4 d6 13. Kh1 a6 14. Nbc3 Ba7 15. Nb1 d5 16. Nd2 d4 17. b3 b5 18. Nb2 e5 19. Nd3 Bb8 20. Rc1 Bd6 21. b4 a5 22. c3 Bb7 23. Qb3 dxc3 24. Nf3 Nd4 25. Nxd4 exd4 26. f3 a4 27. Qc2 Bc6 28. Nf2 Bf4 29. Rcd1 Qe6 30. Rb1 Be3 31. Kg1 Bxf2+ 32. Rxf2 Qd6 33. Bd3 Bd7 34. f4 Rab8 35. f5 Be8 36. f6 g6 37. Re1 Qe5 38. Qc1 Rd6 39. Ref1 Rbb6 40. Rf5 gxf5 41. Rxf5 Qxf6 42. Rxf6 Rxf6 43. Qe1 Rbe6 44. h3 Re5 45. Qg3+ Rg5 46. Qb8 Kf8 47. Qd8 Rfg6 48. g4 h5 49. Qxd4 hxg4 50. Qh8+ Ke7 51. h4 Rg8 52. Qxc3 Rh5 53. Qc7+ Bd7 54. e5 Rc8 55. Qd6+ Ke8 56. e6 1-0

[Event "Rio Claro IRT U2200 4th"]
[Site "Rio Claro"]
[Date "2016.02.21"]
[Round "4.5"]
[White "Correa, Tainan Rodrigues"]
[Black "Briceno, Julio Cesar Colivet"]
[Result "1-0"]
[WhiteElo "1823"]
[BlackElo "1827"]
[PlyCount "51"]
[EventDate "2016.02.20"]
[EventType "swiss"]
[EventRounds "5"]
[EventCountry "BRA"]
[SourceTitle "EXT 2022"]
[Source "ChessBase"]
[SourceDate "2021.10.06"]
[SourceVersion "1"]
[SourceVersionDate "2021.10.06"]
[SourceQuality "1"]

1. e4 c6 2. d4 d5 3. exd5 cxd5 4. c4 Nf6 5. Nc3 e6 6. Nf3 Bb4 7. a3 Bxc3+ 8. bxc3 0-0 9. Bd3 dxc4 10. Bxc4 Qc7 11. Qe2 b5 12. Ne5 bxc4 13. Bf4 Qe7 14. Nxc4 Rd8 15. Na5 Rd5 16. Qf3 Bb7 17. Nxb7 Qxb7 18. 0-0 Rb5 19. Qxb7 Rxb7 20. Rab1 Rxb1 21. Rxb1 Nbd7 22. c4 Nb6 23. c5 Nbd5 24. c6 Nxf4 25. c7 N4d5 26. Rb8+ 1-0